|
|
|
|
| LEADER |
01000nam a2200241 u 4500 |
| 001 |
10119390 |
| 003 |
upatras |
| 005 |
20210117205754.0 |
| 008 |
160310s1966 uk eng |
| 040 |
|
|
|a GR-PaULI
|c GR-PaULI
|
| 041 |
1 |
|
|a eng
|a ger
|
| 082 |
0 |
4 |
|a 913.380 3
|
| 100 |
1 |
|
|a Schobel, Heinz
|4 aut
|9 149353
|
| 240 |
1 |
0 |
|a Olympia und seine Spiele
|
| 245 |
1 |
0 |
|a The ancient Olympic Games
|c Schbel Heinz ; translated from the German by Joan Becker
|c ; foreword by Avery Brundage
|
| 260 |
|
|
|a London
|b Studio Vista
|c 1966
|
| 300 |
|
|
|a 163 σ.
|b εικ.
|c 30 εκ.
|
| 650 |
|
4 |
|a Ολυμπιακοί Αγώνες (Αρχαίοι)
|9 43003
|
| 852 |
|
|
|a GR-PaULI
|b ΠΑΤΡΑ
|b ΒΚΠ
|b ΒΣ2
|k ΑΣΧΞ
|h 913.380 3 SCH
|m 117286
|p 025000234253
|t 1
|
| 942 |
|
|
|2 ddc
|c BK15
|
| 952 |
|
|
|0 0
|1 0
|4 0
|6 913_380000000000000_3_SCH
|7 0
|9 190128
|a LISP
|b LISP
|c BSC
|d 2016-04-24
|i 117286
|l 5
|o 913.380 3 SCH
|p 025000234253
|r 2020-06-30 00:00:00
|s 2020-06-22
|t 1
|w 2016-04-24
|y BK15
|
| 998 |
|
|
|c ΜΠΟΥΡΑΣ
|d 2016-03
|
| 999 |
|
|
|c 117082
|d 117082
|